LEADER 01205nam0 22003011i 450 001 UON00267773 005 20231205103742.163 100 $a20051013e19971864 |0itac50 ba 101 $aita 102 $aIT 105 $a|||| ||||| 200 1 $aAntichitą della nazione albanese e sua affinitą con gli Elleni e i Latini$fper Girolamo De Rada 205 $aRist. anast 210 $aCosenza$cBrenner$d1997 215 $a40 p.$d21 cm 300 $aRipr. dell'ed.: Napoli, Stamperia dell'industria, 1864. 606 $aAlbania$xStoria$3UONC010554$2FI 620 $aIT$dCosenza$3UONL000412 676 $a949.65$cStoria dell'Albania$v21 700 1$aDE RADA$bGirolamo$3UONV180948$0470405 712 $aBrenner$3UONV258437$4650 790 1$aDE_RADA, Jeronim$zDE RADA, Girolamo$3UONV120736 801 $aIT$bSOL$c20250523$gRICA 899 $aSIBA - SISTEMA BIBLIOTECARIO DI ATENEO$2UONSI 912 $aUON00267773 950 $aSIBA - SISTEMA BIBLIOTECARIO DI ATENEO$dSI ALB E 0296 $eSI EO 37617 5 0296 996 $aAntichitą della nazione albanese e sua affinitą con gli Elleni e i Latini$91240832 997 $aUNIOR LEADER 01616nam0 22003491i 450 001 UON00485585 005 20231205105308.924 010 $a978-88-671-9145-1 100 $a20180202d2017 |0itac50 ba 101 $aita$aSWA 102 $aIT 105 $a|||| ||||| 200 1 $aUshairi na Uhuru$epoesie scelte di Abdilatif Abdalla e Euphrase Kezilahabi$dmkusanyo wa tungo za Abdilatif Abdalla na Euphrase Kezilahabi$fCuratori e traduttori$dWahariri na Wafasiri$eFlavia Aiello e Roberto Gaudioso 210 $aNapoli$c[s.n.]$d2017 215 $a99 p.$d24 cm 316 $adono prof.ssa Aiello$5IT-UONSI AORLETTS a/177 606 $aPoesia Swahili$xAntologie$3UONC020826$2FI 620 $aIT$dNapoli$3UONL000012 676 $a896.3921008$cPoesia Swahili - Antologie$v21 700 1$aAbdalla$bAbdilatif$3UONV045688$00 701 1$aKezilahabi$bEuphrase$3UONV044995 702 1$aAIELLO$bFlavia$3UONV086292 702 1$aGAUDIOSO$bRoberto$3UONV238003 712 $aR. Istituto Orientale in Napoli$3UONV265274$4650 790 1$aAIELLO TRAORE, Flavia$zAIELLO, Flavia$3UONV244113 801 $aIT$bSOL$c20260313$gRICA 856 4 $uhttp://hdl.handle.net/11574/174083$zhttp://hdl.handle.net/11574/174083 899 $aSIBA - SISTEMA BIBLIOTECARIO DI ATENEO E ARCHIVIO STORICO$2UONSI$uhttp://hdl.handle.net/11574/174083 912 $aUON00485585 950 $aSIBA - SISTEMA BIBLIOTECARIO DI ATENEO E ARCHIVIO STORICO$dSI LETT S a 177 $eSI 24890 7 177 dono prof.ssa Aiello 996 $aUshairi na Uhuru$91576496 997 $aUNIOR